| 000 | 00660nam a2200229 a 4500 | ||
|---|---|---|---|
| 999 |
_c4856 _d4856 |
||
| 001 | 4856 | ||
| 003 | BD-JhCC | ||
| 005 | 20190708134007.0 | ||
| 008 | 171204s2006 bg |||| ||a| 001 0 ben d | ||
| 020 | _a9848065024 | ||
| 035 | _a(BD-JhCC) 4856 | ||
| 040 |
_aBD-JhCC _dBD-JhCC |
||
| 041 | _aben | ||
| 082 |
_a103 _bKAR 2002 |
||
| 100 | _aকরিম, সরদার ফজলুল | ||
| 245 |
_aদর্শনকোষ / _cসরদার ফজলুল করিম, |
||
| 260 |
_aঢাকা : _bপ্যাপিরাস , _c2002 |
||
| 300 |
_a416 p .: _c22 cm . |
||
| 650 |
_aPhilosophy _xDictionaries |
||
| 942 |
_2ddc _cBK _03 |
||